| 000 | 00652nam a2200181 a 4500 | ||
|---|---|---|---|
| 001 | 000006399 | ||
| 005 | 20200929153927.0 | ||
| 008 | 840113s2003 pr a 001 1 spa | ||
| 040 |
_aDO-SdBNP _bspa _cBNPHU _dDLC |
||
| 082 |
_aPR863.44 _bL864s, 2003 |
||
| 100 | 1 |
_aLópez Nieves, Luis, _d1950- _917784 |
|
| 245 | 1 | 0 |
_aSeva : _bhistoria de la primera invasión norteamericana de la isla de Puerto Rico occurida en mayo de 1898 / _cLuis López Nieves. |
| 250 | _a12a ed. | ||
| 260 |
_aSan Juan, Puerto Rico : _bCordillera, _c2003. |
||
| 300 |
_a119 p. : _bil. ; _c22 cm. |
||
| 650 | 4 |
_aCuentos puertorriqueños _9249 |
|
| 650 | 4 |
_aLiteratura puertorriqueña _9250 |
|
| 999 |
_c6194 _d6194 |
||